000 00367nam a2200145Ia 4500
008 210716s1991 xx 000 0 und d
041 _aeng
082 _a004 JAGV
100 _aJaggi, V P;Jain, Sushma.
245 _aIntroductory computer science.
250 _a1
260 _aNew Delhi
_bAcademic Press
_c1991
300 _a432
650 _aComputer Fundamentals
999 _c182146
_d182146